Normal view
MARC view
Entry Personal Name
001 - CONTROL NUMBER
- control field: 11475
003 - CONTROL NUMBER IDENTIFIER
- control field: ARRUPE
005 - DATE AND TIME OF LATEST TRANSACTION
- control field: 20140923115310.0
008 - FIXED-LENGTH DATA ELEMENTS
- fixed length control field: 140923|| aca||aabn | a|a d
040 ## - CATALOGING SOURCE
- Original cataloging agency: ARRUPE
- Transcribing agency: ARRUPE
100 ## - HEADING--PERSONAL NAME
- Personal name: Lerner, Daniel,
- Relator term: editor.
670 ## - SOURCE DATA FOUND
- Source citation: Work cat.: (ARRUPE)0: Lerner, Daniel, editor., Evidence and inference :, [1960, c1959]